Polskie zespoły rockowe - Statystyki

Ogólne statystyki
  • Ten quiz został rozwiązany 109 razy
  • Średni wynik to 15 z 20
Statystyki odpowiedzi
Utwór Zespół % Poprawnych
Wehikuł czasu Dżem
96%
Mniej niż zero Lady Pank
96%
Dzieci wybiegły Elektryczne gitary
88%
Długość dźwięku samotności Myslovitz
88%
Nie płacz Ewka Perfect
88%
Baśka Wilki
88%
Biała armia Bajm
87%
Słodkiego, miłego życia Kombi
85%
Arahja Kult
79%
Szare miraże Maanam
78%
Takie tango Budka suflera
77%
Zanim pójdę Happysad
76%
King T.Love
74%
Kocham cię jak Irlandię Kobranocka
70%
Mamona Republika
68%
Piła tango Strachy na Lachy
64%
Przeżyj to sam Lombard
62%
Płoną góry, płoną lasy Czerwone gitary
55%
Nadzieja IRA
54%
Twoja generacja Pidżama porno
48%
Nie znaleziono quizów pasujących do podanych kryteriów
Rozkład punktacji
Procent ludzi z każdym wynikiem
Percentyl według liczby udzielonych odpowiedzi
Twoja historia wyników
Nie rozwiązałeś tego quizu